| 000 | 00607nam a2200193 i 4500 | ||
|---|---|---|---|
| 001 | bg | ||
| 245 | 0 | 0 |
_aSecondary effects and pollutants of the environment : _b(research study) / _cJacek Namieśnik [et al.] ; Politechnika Gdańska. |
| 260 |
_aGdańsk : _bWydaw. PG, _c1993 _e(Pozn. : _fPP). |
||
| 300 |
_a134, [2] s. : _brys., wykr. ; _c23 cm. |
||
| 504 | _aBibliogr. przy rozdz. | ||
| 650 | 9 |
_aŚrodowisko człowieka _xhigiena |
|
| 700 | 1 | _aNamieśnik, Jacek. | |
| 015 | _aPB 7472/94 | ||
| 040 | _cBPK | ||
| 041 | 0 | _aen | |
| 080 | _a504.05 | ||
| 942 | _cKS | ||
| 008 | s pl f |000 0 pol | ||
| 999 |
_c29965 _d29965 |
||
| 856 |
_uhttp://koha.tu.koszalin.pl/cgi-bin/koha/opac-detail.pl?biblionumber=29965 _yKatalog online BPK |
||